| 000 | 00895nam0a2200289 4500 | ||
|---|---|---|---|
| 001 | RU\NLR\bibl\1357542 | ||
| 005 | 20250615182747.0 | ||
| 010 |
_a978-5-903305-20-9 _910000 |
||
| 021 |
_aRU _b2009-13561 _9804 |
||
| 035 | _a(NLR Aleph) 001349733 | ||
| 090 |
_a913156 _c913156 |
||
| 100 | _a20090416d2009 |||y0rusy50 ca | ||
| 101 | 1 |
_arus _cund |
|
| 102 | _aRU | ||
| 105 | _aa ||||||||| | ||
| 200 | 1 |
_aМоя история _e[перевод] _fУри Геллер |
|
| 210 |
_aМосква _cЖУК _d2009 |
||
| 215 |
_a281 с., [4] с. _d21 |
||
| 320 | _aДр. произведения авт. на обороте тит. л. | ||
| 600 | 1 |
_aГеллер _bУ. _f1946 _gУри _91369336 _3RU\NLR\auth\66259591 |
|
| 686 | _aЮ96 | ||
| 700 | 1 |
_aГеллер _bУ. _gУри _4070 |
|
| 801 | 0 |
_aRU _bNLR _c20090416 _gRCR |
|
| 801 | 1 |
_aRU _bNLR _c20090416 |
|
| 942 | _cBOOK | ||
| 980 | _aNB | ||